[Event "Balabanovo Winter Rating"]
[Site "Balabanovo"]
[Date "2012.12.23"]
[Round "11"]
[White "Zajtzeva, Viktoria1"]
[Black "Dadukov, Victor"]
[Result "0-1"]
[WhiteElo "1782"]
[BlackElo "2046"]
[PlyCount "68"]
[EventDate "2012.12.08"]
[EventType "tourn"]
[EventRounds "11"]
[EventCountry "RUS"]
[SourceTitle "EXT 2023"]
[Source "ChessBase"]
[SourceDate "2022.10.05"]
[SourceVersion "1"]
[SourceVersionDate "2022.10.05"]
[SourceQuality "1"]

1. Nf3 Nf6 2. g3 g6 3. Bg2 Bg7 4. 0-0 d5 5. d3 0-0 6. Nbd2 c5 7. c3 Nc6 8. Qc2 b6 9. Re1 Bb7 10. e4 e5 11. Nf1 Qd7 12. Bg5 d4 13. Rad1 h6 14. Bc1 Kh7 15. h3 Nh5 16. N3h2 f5 17. exf5 gxf5 18. g4 fxg4 19. Be4+ Kh8 20. Nxg4 Nf4 21. Bxf4 exf4 22. Qe2 dxc3 23. Ngh2 Qxh3 24. Qf3 Qxf3 25. Nxf3 Na5 26. Bxb7 Nxb7 27. Re7 Nd6 28. Nh4 Rfe8 29. Rd7 Re6 30. Nh2 cxb2 31. Kh1 Rae8 32. N2f3 Bc3 33. Rg1 Rg8 34. Rd1 Nb5 0-1

[Event "Balabanovo Winter Rating"]
[Site "Balabanovo"]
[Date "2012.12.15"]
[Round "6"]
[White "Dadukov, Victor"]
[Black "Polkovnikov, Nikolay"]
[Result "1-0"]
[WhiteElo "2046"]
[BlackElo "2048"]
[PlyCount "60"]
[EventDate "2012.12.08"]
[EventType "tourn"]
[EventRounds "11"]
[EventCountry "RUS"]
[SourceTitle "EXT 2023"]
[Source "ChessBase"]
[SourceDate "2022.10.05"]
[SourceVersion "1"]
[SourceVersionDate "2022.10.05"]
[SourceQuality "1"]

1. e4 c5 2. Nf3 d6 3. d4 cxd4 4. Nxd4 Nf6 5. Nc3 a6 6. f4 e5 7. Nf3 Be7 8. fxe5 Ng4 9. Bf4 Qb6 10. Qd2 dxe5 11. Nxe5 Nc6 12. Nc4 Qd4 13. 0-0-0 Nf2 14. Qxd4 Nxd4 15. Rxd4 Nxh1 16. Nd5 Bc5 17. Nc7+ Ke7 18. Rd5 b6 19. Nxa8 Bb7 20. Re5+ Kf6 21. Naxb6 Bxb6 22. Nxb6 h6 23. Nd5+ Kg6 24. Re7 Bc8 25. Ra7 Nf2 26. Ra8 Re8 27. Rxc8 Rxe4 28. Bd3 Nxd3+ 29. cxd3 Rd4 30. Rd8 Kh5 1-0

[Event "Balabanovo Winter Rating"]
[Site "Balabanovo"]
[Date "2012.12.09"]
[Round "3"]
[White "Shon, Vitaly"]
[Black "Dadukov, Victor"]
[Result "1-0"]
[WhiteElo "1890"]
[BlackElo "2046"]
[PlyCount "57"]
[EventDate "2012.12.08"]
[EventType "tourn"]
[EventRounds "11"]
[EventCountry "RUS"]
[SourceTitle "EXT 2023"]
[Source "ChessBase"]
[SourceDate "2022.10.05"]
[SourceVersion "1"]
[SourceVersionDate "2022.10.05"]
[SourceQuality "1"]

1. d4 Nf6 2. Nf3 g6 3. Bf4 Bg7 4. Nc3 d5 5. e3 0-0 6. Be2 c5 7. 0-0 Nc6 8. Ne5 cxd4 9. exd4 Qb6 10. Nxc6 Qxc6 11. Re1 a6 12. Bf3 e6 13. Qd2 b5 14. a3 a5 15. Bh6 Ba6 16. Bxg7 Kxg7 17. Rac1 b4 18. axb4 axb4 19. Ne2 Rfb8 20. Ng3 Nd7 21. h4 h6 22. Qf4 Bc4 23. Re3 Ra7 24. Nh5+ gxh5 25. Bxh5 f5 26. Rg3+ Kf8 27. Re1 e5 28. Qxf5+ Qf6 29. Qh7 1-0

[Event "Obninsk op"]
[Site "Obninsk"]
[Date "2009.07.??"]
[Round "2"]
[White "Babikov, Ivan"]
[Black "Dadukov, Victor"]
[Result "1-0"]
[WhiteElo "2333"]
[BlackElo "2088"]
[PlyCount "49"]
[EventDate "2009.07.??"]
[EventType "swiss"]
[EventRounds "9"]
[EventCountry "RUS"]
[SourceTitle "CBM 131 Extra"]
[Source "ChessBase"]
[SourceDate "2009.09.03"]
[SourceVersion "2"]
[SourceVersionDate "2009.09.16"]
[SourceQuality "1"]

1. e4 c5 2. c3 d5 3. exd5 Qxd5 4. d4 cxd4 5. cxd4 Nc6 6. Nf3 Nf6 7. Nc3 Qa5 8. d5 Nb4 9. Bc4 Bg4 10. 0-0 0-0-0 11. Bf4 e6 12. Rc1 Bd6 13. Bxd6 Rxd6 14. a3 Nc6 15. b4 Qd8 16. Nb5 Rd7 17. dxc6 Rxd1 18. Rfxd1 Qb6 19. Rd6 Bxf3 20. gxf3 bxc6 21. Rxc6+ Qxc6 22. Nxa7+ Kb7 23. Nxc6 Kxc6 24. Bxe6+ Kb5 25. Rc5+ 1-0